Microsoft Office 2000 toàn tập

সংরক্ষণ করুন:
গ্রন্থ-পঞ্জীর বিবরন
প্রধান লেখক: Nguyễn Hữu Việt Hưng
বিন্যাস: গ্রন্থ
ভাষা:Undetermined
প্রকাশিত: Hà Nội Thống Kê 2000
বিষয়গুলি:
ট্যাগগুলো: ট্যাগ যুক্ত করুন
কোনো ট্যাগ নেই, প্রথমজন হিসাবে ট্যাগ করুন!
Thư viện lưu trữ: Trung tâm Học liệu Trường Đại học Cần Thơ
LEADER 00563nam a2200193Ia 4500
001 CTU_41527
008 210402s9999 xx 000 0 und d
020 |b 68.000đ 
082 |a 005.3 
082 |b M619 
100 |a Nguyễn Hữu Việt Hưng 
245 0 |a Microsoft Office 2000 toàn tập 
245 0 |c Nguyễn Hữu Việt Hưng 
260 |a Hà Nội 
260 |b Thống Kê 
260 |c 2000 
650 |a office ( computer programas ) 
904 |i Minh, 010524 
980 |a Trung tâm Học liệu Trường Đại học Cần Thơ